Defensores públicos en el Sistema Interamericano de Derechos Humanos
Spremljeno u:
| Autor kompanije: | |
|---|---|
| Format: | Knjiga |
| Jezik: | španjolski |
| Izdano: |
Santiago
Centro de Documentación Defensoría Penal Pública
2015
|
| Izdanje: | 1a. ed |
| Serija: | Informes de Derecho, 17
|
| Teme: | |
| Oznake: |
Dodaj oznaku
Bez oznaka, Budi prvi tko označuje ovaj zapis!
|
MARC
| LEADER | 00000cam a2200000 a 4500 | ||
|---|---|---|---|
| 001 | UCD1589 | ||
| 003 | CL-VaPUC | ||
| 008 | 160316e20150000cl |||||||||||||||||spa|d | ||
| 020 | |a 9789568349042o.c | ||
| 020 | |a 9789568349448v.17 | ||
| 082 | 0 | 4 | |a 345.83056 |b CEN |2 21 |
| 110 | 2 | |a Centro de Documentación Defensoría Penal Pública |e author |9 584696 | |
| 245 | 1 | 0 | |a Defensores públicos en el Sistema Interamericano de Derechos Humanos |
| 250 | |a 1a. ed | ||
| 300 | |a 112 p | ||
| 942 | |c BK | ||
| 945 | |d 20160316 17:23:00 |a dcastane | ||
| 260 | |a Santiago |b Centro de Documentación Defensoría Penal Pública |c 2015 | ||
| 650 | 7 | |a GARANTIAS DEL IMPUTADO |2 CL-VaPUC |9 584697 | |
| 650 | 0 | |a Defensa |9 258306 | |
| 650 | 7 | |a JUICIO ORAL PENAL |2 CL-VaPUC |9 584698 | |
| 583 | |a last modification |c 20161004 05:24:30 |k Rodrigo Vera | ||
| 490 | 0 | |a Informes de Derecho, 17 | |
| 999 | |c 362863 |d 362861 | ||
| 952 | |0 0 |1 0 |3 erb |4 0 |6 345_830560000000000_CEN_2015 |7 0 |8 A |9 474404 |a BIBDER |b BIBDER |i 5267250 |o 345.83056 CEN 2015 |p 5267250 |r 2023-01-25 |w 2019-11-24 |y BK |z Catalogado en:20160316 |k DER | ||